Statistics for Most Popular 5-letter Baby Girl Names by Decade (UK)

Click here to take the quiz!

General Stats

  • This quiz has been taken 22,849 times
    (22,845 since last reset)
  • The average score is 180 of 296

Answer Stats

HintAnswer% Correct
1904 | 1914 | 1924 | +8 othersSarah
90%
1904 | 1914 | 1924 | +5 othersEmily
88%
1904 | 1914 | 1974 | +3 othersLaura
82%
1904 | 1924 | 1934 | +6 othersMaria
81%
1904 | 1914 | 1924 | +4 othersGrace
80%
1904 | 1914 | 1924 | +5 othersAlice
79%
1944 | 1954 | 1964 | +2 othersJulie
78%
1904 | 1914 | 1924 | +6 othersMarie
76%
1994 | 2004 | 2014Molly
76%
1944 | 1954 | 1964 | 1974Julia
75%
1974 | 1984 | 1994 | +2 othersKatie
75%
1994 | 2004 | 2014Rosie
75%
1904 | 1914 | 1924 | 1934Annie
74%
1904 | 1914 | 1924 | +7 othersHelen
74%
1944 | 1954 | 1964 | +2 othersSusan
74%
1904 | 1914 | 1924 | 1934Olive
73%
1994 | 2004 | 2014Chloe
72%
1954 | 1964 | 1974 | 1984Karen
71%
1944 | 1954 | 1964 | 1974Linda
70%
1944 | 1954 | 1964Lynda
70%
1904 | 1934 | 1944 | +2 othersJanet
69%
1944 | 1954 | 1964 | 1974Carol
67%
1934 | 1944 | 1954Diana
67%
1944 | 1954 | 1964 | 1974Diane
67%
1984 | 1994 | 2004 | 2014Holly
67%
1994 | 2004 | 2014Ellie
64%
1974 | 1984 | 1994Kelly
63%
1914 | 1924 | 1934 | 1944Betty
62%
1904 | 1914 | 1994 | +2 othersDaisy
62%
1904 | 1914 | 1924 | +2 othersEllen
62%
2014Lilly
62%
2004 | 2014Poppy
60%
1904 | 1914 | 1924 | 1934Edith
59%
1914 | 1924 | 1934Nancy
59%
1944 | 1954 | 1964 | 1974Wendy
59%
2014Bella
58%
1904 | 1914Clara
58%
1954 | 1964 | 1974 | 1984Fiona
58%
1964 | 1974Paula
58%
1904 | 1914 | 1924 | +2 othersDoris
57%
1904 | 2014Eliza
57%
1964 | 1974 | 1984Clare
56%
1944 | 1954 | 1964 | +2 othersSally
56%
1964 | 1974 | 1984Donna
55%
1994 | 2004 | 2014Megan
55%
1964 | 1974Tracy
55%
1904 | 1914 | 1924 | +2 othersElsie
53%
1904 | 1914 | 1924 | +3 othersIrene
53%
2014Sofia
53%
1994 | 2004 | 2014Amber
52%
2004 | 2014Freya
50%
1984 | 1994Gemma
50%
1984Jemma
50%
1904 | 1914 | 1924Ethel
48%
2004 | 2014Faith
47%
1994 | 2004Lydia
47%
1914 | 1924 | 1934 | +2 othersJoyce
46%
2014Layla
46%
1984 | 1994Naomi
46%
1984Jenna
45%
1964Mandy
44%
1994 | 2004Abbie
43%
1904 | 1914Norah
42%
1904 | 1914 | 1924 | 1934Hilda
40%
1924 | 1934 | 1944 | 1954Hazel
39%
1974 | 2014Heidi
39%
1984 | 1994 | 2004Jodie
39%
1974 | 1984Kerry
38%
1964Debra
37%
1984 | 1994 | 2004Aimee
36%
1904 | 1914 | 1924Mabel
36%
1904 | 1914 | 1924Agnes
35%
1984Carly
35%
1964 | 1974Jayne
34%
2004Keira
33%
1944 | 1954 | 1964Anita
32%
1904 | 1914 | 1924 | 1934Freda
32%
1934 | 1944Norma
32%
1994 | 2004Paige
32%
1924 | 1934 | 1944Beryl
30%
2014Lacey
30%
1954 | 1964Lynne
30%
1994Robyn
29%
1924 | 1934Peggy
27%
1934 | 1944Mavis
26%
2004Libby
22%
2004Niamh
22%
2014Aisha
19%

Score Distribution

Percentile by Number Answered

Percent of People with Each Score

Your Score History

You have not taken this quiz since the last reset